Law and economics, vol. 2 : practice (Record no. 3516)

000 -LEADER
fixed length control field 02165nam a2200205Ia 4500
008 - FIXED-LENGTH DATA ELEMENTS--GENERAL INFORMATION
fixed length control field 200103s 2013 ||||xx |||||||||||||| ||und||
020 ## - INTERNATIONAL STANDARD BOOK NUMBER
International Standard Book Number 9788132110095
082 ## - DEWEY DECIMAL CLASSIFICATION NUMBER
Classification number 343.5407
Item number GAN
100 ## - MAIN ENTRY--PERSONAL NAME
Personal name Gangopadhyay, Shubhashis
245 #0 - TITLE STATEMENT
Title Law and economics, vol. 2 : practice
260 ## - PUBLICATION, DISTRIBUTION, ETC. (IMPRINT)
Name of publisher, distributor, etc SAGE Publications
Date of publication, distribution, etc 2013
Place of publication, distribution, etc New Delhi
300 ## - PHYSICAL DESCRIPTION
Extent 198p.
504 ## - BIBLIOGRAPHY, ETC. NOTE
Bibliography, etc Preface<br/> Introduction <br/>1. Rehabilitation of the 'Project Affected': Eminent Domain and Just Compensation<br/>Malabika Pal<br/>2. `Law and Economics' of Indian Patent Act<br/>V Santhakumar<br/>3.Two Cases of IPR Issues in India: Pharmaceutical Patents and Film Industry Copyrights<br/>Sushma Kindo<br/>4. Economics of Contract Law in India<br/>Indervir Singh<br/>5. The Economics of Contract Law: A Business Outsourcing Application<br/>George S Geis<br/>6. Economic Analysis of Tort Law: Some Conceptual and Interpretative Issues<br/>Satish K Jain<br/>7. Efficiency of Liability Rules: An Experimental Analysis in India<br/>Sanmitra Ghosh and Rajendra P Kundu<br/>8. Regulation in the case of a Natural Monopoly: The Electricity Act in India<br/>V Santhakumar<br/>9. Initial Public Offerings: Institutions in India<br/>Padma Kadiyala<br/>10. Legal and Judicial Process in India: A Preliminary Economic Analysis of Some Issues<br/>V Santhakumar<br/>Index<br/>
520 ## - SUMMARY, ETC.
Summary, etc Law and Economics is a method of analyzing laws, legal processes, and judicial decisions using the concerns and techniques of neoclassical economics. This two-volume book deals with the theory of Law and Economics and its applications in the context of India. It is written with an objective to convey the principles and use of this discipline, based on real-world examples, to lawyers and economists as well as others including policy-makers, analysts, civil-society observers, and so on, who do not have formal training in law and economics.<br/><br/>
650 ## - SUBJECT ADDED ENTRY--TOPICAL TERM
Topical term or geographic name as entry element `Law and Economics' of Indian Patent Act V Santhakumar
650 ## - SUBJECT ADDED ENTRY--TOPICAL TERM
Topical term or geographic name as entry element The Economics of Contract Law: A Business Outsourcing Application George S Geis
650 ## - SUBJECT ADDED ENTRY--TOPICAL TERM
Topical term or geographic name as entry element Legal and Judicial Process in India: A Preliminary Economic Analysis of Some Issues V Santhakumar
700 ## - ADDED ENTRY--PERSONAL NAME
Personal name Santhakumar, V.
Relator term Co-author
942 ## - ADDED ENTRY ELEMENTS (KOHA)
Item type Books
Holdings
Withdrawn status Lost status Source of classification or shelving scheme Damaged status Not for loan Collection code Permanent location Current location Shelving location Date acquired Full call number Barcode Date last seen Koha item type Public note
          Non-fiction IMU-MPC Library IMU-MPC Library General Stacks 2020-01-08 343.5407 GAN MPC5464 2025-03-17 Books Column - 5
          Non-fiction IMU-MPC Library IMU-MPC Library General Stacks 2020-01-08 343.5407 GAN MPC5465 2025-03-17 Books Column - 5
          Non-fiction IMU-MPC Library IMU-MPC Library General Stacks 2020-01-08 343.5407 GAN MPC5467 2025-03-17 Books Column - 5
          Non-fiction IMU-MPC Library IMU-MPC Library General Stacks 2020-01-08 343.5407 GAN MPC5468 2025-03-17 Books Column - 5
Copyright © 2021 Indian Maritime University, Mumbai Port Campus. All Rights Reserved. Managed & Maintained by Central Library, IMU-Mumbai

webs counters

Powered by Koha